000 02894cam a2200493 i 4500
001 18470519
003 NUST
005 20210507111831.0
008 150130s2014 cc acf b 001 0 eng
010 _a 2014310668
020 _a7119090232
020 _a9787119090238
020 _a9787119090573 (paperback)
035 _a(OCoLC)ocn894348104
038 _aMSOHAIL
040 _aGZF
_beng
_cGZF
_erda
_dGZF
_dCHVBK
_dOCLCQ
_dPAU
_dDLC
041 1 _aeng
_hchi
042 _alccopycat
_alcode
043 _aa-cc---
050 0 0 _aJQ1510
_b.X52513 2014
082 _a335.4345
_bXI
100 1 _aXi, Jinping.
_955146
240 1 0 _aXi Jinping tan zhi guo li zheng.
_lEnglish
245 1 0 _aXi Jinping, The Governance of China.
246 3 0 _aGovernance of China
250 _aFirst edition.
264 1 _aBeijing :
_bForeign Languages Press,
_c2020.
300 _avi, 650 pages, 45 unnumbered pages of plates :
_billustrations (some color), portraits ;
_c24 cm
336 _atext
_btxt
_2rdacontent
337 _aunmediated
_bn
_2rdamedia
338 _avolume
_bnc
_2rdacarrier
500 _aIssued also in Arabic, Chinese, French, German, Japanese, Portuguese, Russian, and Spanish simultaneously.
504 _aIncludes bibliographical references and index.
520 1 _a"As general secretary of the CPC Central Committee and president of the People's Republic of China, Xi Jinping has delivered many speeches on a broad range of issues. He has offered his thoughts, views and judgments, and answered a series of important theoretical and practical questions about the Party and the country in these changing times. His speeches embody the philosophy of the new central leadership. To respond to rising international interest and to enhance the rest of the world's understanding of the Chinese government's philosophy and its domestic and foreign policies, the State Council Information Office, the Party Literature Research Office of the CPC Central Committee and the China International Publishing Group have worked together to produce this book. The book is a compilation of Xi Jinping's major works from November 15, 2012 to June 13, 2014. It includes, speeches, talks, interviews, instructions, and correspondence for a total of 70 pieces. It also contains 45 pictures of Xi Jinping at work and in daily life with focus on the period since the 18th National Congress of the Communist Party of China in 2012"--Publisherʹs note.
563 _a111
650 0 _aNationalism
_zChina.
_955147
650 0 _aWorld politics
_y21st century.
_98465
650 0 _aPolitical oratory
_zChina
_y21st century.
_955148
651 0 _aChina
_xPolitics and government
_y2002-
_914217
651 0 _aChina
_xForeign relations
_y21st century.
_910158
906 _a7
_bcbc
_ccopycat
_d3
_encip
_f20
_gy-gencatlg
942 _2ddc
_cBK
999 _c566058
_d566058